Sports Quiz

Random Sports or NFL Quiz

NFL Longest Runs Quiz Stats

Quiz not verified by Sporcle

Challenge
Share
Tweet
Embed
Score 0/26 Timer 05:00
0 Plays Today
Yards Runner % Correct
98Ahman Green
89.6%
94Chris Johnson
89.6%
91Chris Johnson
89.6%
91Jamaal Charles
89.6%
90Ahman Green
89.6%
90Johnny Johnson
89.6%
91DeMarco Murray
85.4%
95Tiki Barber
83.3%
99Tony Dorsett
81.3%
96Corey Dillon
77.1%
94O.J. Simpson
70.8%
90Warrick Dunn
68.8%
92Bo Jackson
66.7%
Yards Runner % Correct
91Bo Jackson
66.7%
95Chester Taylor
62.5%
93Terrelle Pryor
62.5%
96Garrison Hearst
58.3%
90Wilbert Montgomery
43.8%
91Herschel Walker
35.4%
90Bobby Mitchell
14.6%
97Bob Gage
6.3%
97Andy Uram
4.2%
96Jim Spavital
4.2%
96Bob Hoernschemeyer
4.2%
92Kenny Washington
4.2%
91Sid Blanks
4.2%

You're not logged in!

Compare scores with friends on all Sporcle quizzes.
Join for Free
OR
Log In

You Might Also Like...

Show Comments

Extras

Created Dec 30, 2013SourceReportNominate
Tags:NFL Quiz, afl, longest, men, run, runner, team, yard

Top Quizzes Today


Score Distribution

Your Account Isn't Verified!

In order to create a playlist on Sporcle, you need to verify the email address you used during registration. Go to your Sporcle Settings to finish the process.

Report this User

Report this user for behavior that violates our Community Guidelines.

Details: